000 00713nam a2200193 a 4500
008 120416s1986 ||||||||||||||||| || u
020 _a0387165800
050 _aQD 905.2 Fra
100 _aFranzen, Hugo Friedrich
245 1 0 _aPhysical chemistry of inorganic crystalline solids
260 _aNew York
_bSpringer-Verlag
_c1986
300 _aix, 158p. : ill.
350 _a0.00
650 _aPHYSICAL CHEMISTRY
650 _aCRYSTALLOGRAPHY
650 0 _aCHEMISTRY--HANDBOOKS, MANUALS, ETC
650 0 _aCHEMISTRY, PHYSICAL ORGANIC
995 _D0.00
_FCBU-MAIN LIBRARY (Kitwe)
_H1
_I21.00
_M1
_UAVAILABLE
_WMar 15, 2007
_ZMain Library Open Access Collection
999 _c53549
_d53549